| 000 | 00897nam a22002177a 4500 | ||
|---|---|---|---|
| 999 |
_c65071 _d65071 |
||
| 005 | 20240530110805.0 | ||
| 008 | 190115s2016 ua a g 000 0 ara d | ||
| 017 |
_a2015/2320 _bمصر. دار الكتب |
||
| 020 | _a9789777531351 | ||
| 040 |
_aEG-CaGPL _cEG-CaGPL |
||
| 082 | 0 | 4 |
_221 _a939.73 / _bو ت |
| 100 | 0 | _aوريدة على محمد المنقوش | |
| 245 | 1 | 2 |
_aالتاريخ السياسى لقرطاجة : _bمن التاسيس حتى نهاية الحرب البونية الثالثة 814 - 146 ق . م / _cوريدة على محمد المنقوش |
| 250 | _aط.1 | ||
| 260 |
_aالقاهرة : _bمكتبة الوفاء القانونية ، _c2016 . |
||
| 300 |
_a339 ص. : _bايض ؛ _c24 سم. |
||
| 651 | 0 | 7 |
_2qrmak _aقرطاجة _xتاريخ |
| 651 | 0 | 7 |
_aقرطاجة _xالاحوال السياسية |
| 942 |
_2ddc _cBK |
||